000
00259nam a2200121Ia 4500
100
_a
#N/A
942
_c
BK
654
_a
Discrete Time Signals
245
_a
Continios and Discrete Time Signal and Systems
260
_b
#N/A
546
_a
ENGLISH
999
_c
32433
_d
32433